Score 0/53 Timer 04:00
0 Plays Today
% Correct
the
96.5%
the
96.5%
and
96.5%
The
96.5%
The
96.5%
paper
95.6%
paper
95.6%
paper
95.6%
paper
95.6%
people
93%
people.
93%
people
93%
people.
93%
Dunder
90.4%
Mifflin.
90.4%
Dunder
90.4%
Mifflin.
90.4%
person's
80.7%
person's
80.7%
Jim
73.7%
Call
72.8%
Call
72.8%
of
71.9%
of
71.9%
Kelly
71.9%
Dwight
71.1%
Creed.
71.1%
% Correct
your
70.2%
your
70.2%
needs.
66.7%
Michael
65.8%
Andy
65.8%
Out
64.9%
out
64.9%
Stanley
64.9%
around
64%
block.
64%
stock.
63.2%
for
63.2%
faces
60.5%
friendly
57.9%
business
57%
that
52.6%
from
51.8%
Break
49.1%
chains
49.1%
are
49.1%
pain.
49.1%
causing
48.2%
loose
45.6%
There's
38.6%
or
37.7%
or
37.7%
Remove Ads.
Support Sporcle.
Get the best of Sporcle when you Go Orange. This ad-free experience offers more features, more stats, and more fun while also helping to support Sporcle. Thank you for becoming a member.

You're not logged in!

Compare scores with friends on all Sporcle quizzes.
OR
Log In

Show Comments

Extras

Created Sep 14, 2013ReportNominate
Tags:Song Quiz, Darryl, office, Paper, Person, Write

Top Quizzes Today


Score Distribution

Your Account Isn't Verified!

In order to create a playlist on Sporcle, you need to verify the email address you used during registration. Go to your Sporcle Settings to finish the process.

Report this User

Report this user for behavior that violates our Community Guidelines.

Details: